000 00496nam a2200133Ia 4500
008 100328s9999 xx 000 0 und d
082 _b18337
100 _aजोशी ना.भा.
245 _aसंपूर्ण मराठी तुलसी रामायण
260 _bसारथी
630 _aसंपूर्ण मराठी तुलसी रामायण
730 _aसंपूर्ण मराठी तुलसी रामायण
942 _cBOOK
999 _c512764
_d512761